[Event "Altenkirchen Seniors op 19th"]
[Site "Altenkirchen"]
[Date "2022.07.23"]
[Round "5"]
[White "Wegemund, Hubert"]
[Black "Schulte, Stefan"]
[Result "1/2-1/2"]
[WhiteElo "1834"]
[BlackElo "1948"]
[PlyCount "41"]
[EventDate "2022.07.19"]
[EventType "swiss"]
[EventRounds "9"]
[EventCountry "GER"]
[SourceTitle "CBM 209 Extra"]
[Source "ChessBase"]
[SourceDate "2022.09.30"]
[SourceVersion "1"]
[SourceVersionDate "2022.09.30"]
[SourceQuality "1"]

1. e4 c5 2. Nf3 Nc6 3. d4 cxd4 4. Nxd4 Nf6 5. Nc3 e5 6. Ndb5 d6 7. Bg5 a6 8. Bxf6 gxf6 9. Na3 b5 10. Nd5 Bg7 11. c3 Ne7 12. Nxe7 Qxe7 13. Nc2 f5 14. exf5 0-0 15. Ne3 Bb7 16. Be2 Rfd8 17. Nd5 Bxd5 18. Qxd5 Rac8 19. 0-0 Rc5 20. Qd2 d5 21. Rfd1 1/2-1/2

[Event "Kiel op 28th"]
[Site "Kiel"]
[Date "2015.07.29"]
[Round "7"]
[White "Wegemund, Hubert"]
[Black "Schaefer, Martin2222"]
[Result "0-1"]
[WhiteElo "1873"]
[BlackElo "1978"]
[PlyCount "70"]
[EventDate "2015.07.25"]
[EventType "swiss"]
[EventRounds "9"]
[EventCountry "GER"]
[SourceTitle "CBM 167 Extra"]
[Source "ChessBase"]
[SourceDate "2015.09.14"]
[SourceVersion "1"]
[SourceVersionDate "2015.09.14"]
[SourceQuality "1"]

1. e4 d5 2. exd5 Qxd5 3. Nc3 Qd6 4. d4 Nf6 5. Bc4 a6 6. a4 e6 7. Nge2 Nc6 8. Bf4 Qb4 9. Bb3 Bd6 10. Bg3 Bxg3 11. hxg3 0-0 12. Rh4 Qd6 13. Qd2 Ne7 14. Ne4 Nxe4 15. Rxe4 Bd7 16. Nf4 b5 17. a5 Bc6 18. Re5 Bd5 19. Bxd5 Nxd5 20. c3 Rad8 21. Nd3 Nf6 22. 0-0-0 Qc6 23. f3 Qc4 24. Kb1 Rd5 25. Nb4 Rxe5 26. dxe5 Nh5 27. Qg5 g6 28. Nxa6 c5 29. Rd8 b4 30. Rxf8+ Kxf8 31. Qd8+ Kg7 32. Qb6 b3 33. Kc1 Nxg3 34. Qd8 Qf1+ 35. Qd1 Qxa6 0-1

[Event "Kiel op 28th"]
[Site "Kiel"]
[Date "2015.07.26"]
[Round "4"]
[White "Zimmermann, Manfred"]
[Black "Wegemund, Hubert"]
[Result "1/2-1/2"]
[WhiteElo "1957"]
[BlackElo "1873"]
[PlyCount "62"]
[EventDate "2015.07.25"]
[EventType "swiss"]
[EventRounds "9"]
[EventCountry "GER"]
[SourceTitle "CBM 167 Extra"]
[Source "ChessBase"]
[SourceDate "2015.09.14"]
[SourceVersion "1"]
[SourceVersionDate "2015.09.14"]
[SourceQuality "1"]

1. d4 f5 2. Nc3 Nf6 3. Bg5 d5 4. e3 e6 5. Nf3 h6 6. Bf4 c6 7. Ne5 Bb4 8. Bd3 g5 9. Bg3 Qa5 10. Qd2 Nh5 11. Be2 Nxg3 12. hxg3 Nd7 13. Bh5+ Kf8 14. Ng6+ Kg7 15. Nxh8 Kxh8 16. Be2 Kg7 17. a3 Nf6 18. Bd3 Bd7 19. 0-0-0 Bxc3 20. Qxc3 Qxc3 21. bxc3 b5 22. Kd2 c5 23. f3 c4 24. Be2 Re8 25. Ke1 Kg6 26. Kf2 Kg7 27. Rc1 Kg6 28. Ra1 Kg7 29. Bf1 Kg6 30. Be2 Kg7 31. Rhe1 Kg6 1/2-1/2

[Event "Kiel op 28th"]
[Site "Kiel"]
[Date "2015.07.25"]
[Round "1"]
[White "Niering, Martin"]
[Black "Wegemund, Hubert"]
[Result "1-0"]
[WhiteElo "2178"]
[BlackElo "1873"]
[PlyCount "117"]
[EventDate "2015.07.25"]
[EventType "swiss"]
[EventRounds "9"]
[EventCountry "GER"]
[SourceTitle "CBM 167 Extra"]
[Source "ChessBase"]
[SourceDate "2015.09.14"]
[SourceVersion "1"]
[SourceVersionDate "2015.09.14"]
[SourceQuality "1"]

1. e4 d6 2. d4 Nf6 3. Nc3 g6 4. h3 Bg7 5. Nf3 c6 6. Bd3 Nbd7 7. 0-0 e5 8. dxe5 dxe5 9. Be3 0-0 10. Qd2 Re8 11. Ne2 Nf8 12. Ng3 b6 13. Bh6 Bh8 14. Ng5 Ne6 15. Rad1 b5 16. c3 Nc5 17. Bc4 Be6 18. Bxe6 Nxe6 19. Nxe6 Qxd2 20. Rxd2 Rxe6 21. Rfd1 Rae8 22. f3 Bg7 23. Be3 a5 24. Ne2 Bf8 25. g4 Rc8 26. Ng3 Ne8 27. Ne2 Nf6 28. b3 a4 29. Nc1 Ne8 30. Nd3 Rd6 31. Nxe5 Rxd2 32. Bxd2 Bg7 33. Bf4 axb3 34. axb3 c5 35. c4 bxc4 36. bxc4 Nc7 37. Nc6 Bf6 38. Be5 Bxe5 39. Ne7+ Kf8 40. Nxc8 Bd4+ 41. Kf1 g5 42. Nd6 Be5 43. Nf5 Ke8 44. h4 gxh4 45. Nxh4 Ke7 46. Ng2 Ne6 47. Rd5 f6 48. f4 Bd4 49. Rh5 Nf8 50. Ke2 Kf7 51. Ne1 Kg7 52. Rd5 Ne6 53. Kf3 Bc3 54. Nd3 Bd4 55. Rd7+ Kh6 56. Rd6 Nf8 57. e5 Kg7 58. e6 Ng6 59. f5 1-0

[Event "Pinneberg-ch"]
[Site "Pinneberg"]
[Date "2012.09.13"]
[Round "5"]
[White "Wegemund, Hubert"]
[Black "Zimmermann, Manfred"]
[Result "1-0"]
[WhiteElo "1923"]
[BlackElo "1799"]
[PlyCount "78"]
[EventDate "2012.08.16"]
[EventType "swiss"]
[EventRounds "7"]
[EventCountry "GER"]
[SourceTitle "EXT 2013"]
[Source "ChessBase"]
[SourceDate "2012.11.22"]
[SourceVersion "1"]
[SourceVersionDate "2012.11.22"]
[SourceQuality "1"]

1. e4 c5 2. Nf3 d6 3. d4 cxd4 4. Nxd4 Nf6 5. Nc3 a6 6. f4 e6 7. Qf3 g6 8. Be3 Nbd7 9. Be2 Bg7 10. Rd1 Qc7 11. 0-0 0-0 12. Nb3 b5 13. a3 Bb7 14. Bd3 Nc5 15. Bd4 Nfd7 16. Bxg7 Kxg7 17. Qf2 Nxb3 18. cxb3 Qc5 19. Bb1 Rfd8 20. b4 Qxf2+ 21. Rxf2 Nf6 22. Rfd2 Ne8 23. Ba2 Rac8 24. Kf2 Rc7 25. h3 Rcd7 26. g4 Nc7 27. e5 d5 28. Ne4 Na8 29. Nc5 Rc7 30. Rc1 Rdc8 31. Ke3 Kg8 32. h4 Nb6 33. Rg1 Nc4+ 34. Bxc4 bxc4 35. Kd4 Ra8 36. h5 Kg7 37. Rh2 a5 38. Rgh1 axb4 39. hxg6 hxg6 1-0

[Event "Pinneberg-ch"]
[Site "Pinneberg"]
[Date "2012.08.30"]
[Round "3"]
[White "Wegemund, Hubert"]
[Black "Thomas, Andreas"]
[Result "1/2-1/2"]
[WhiteElo "1923"]
[BlackElo "1667"]
[PlyCount "61"]
[EventDate "2012.08.16"]
[EventType "swiss"]
[EventRounds "7"]
[EventCountry "GER"]
[SourceTitle "EXT 2013"]
[Source "ChessBase"]
[SourceDate "2012.11.22"]
[SourceVersion "1"]
[SourceVersionDate "2012.11.22"]
[SourceQuality "1"]

1. e4 e5 2. Nf3 Nc6 3. Bb5 a6 4. Ba4 Nf6 5. 0-0 b5 6. Bb3 Be7 7. a4 Bb7 8. Nc3 0-0 9. d3 d6 10. axb5 axb5 11. Rxa8 Qxa8 12. Nxb5 Qa5 13. Nc3 Nd4 14. Nxd4 exd4 15. Ne2 c5 16. Bd2 Qc7 17. Nf4 Rd8 18. Qf3 Rf8 19. Ra1 c4 20. Bxc4 Bxe4 21. Qe2 d5 22. Bb3 Bf5 23. Nh5 Ng4 24. Bf4 Bd6 25. Bxd6 Qxd6 26. Ng3 Bd7 27. Qf3 Nf6 28. Nf5 Qe5 29. Nh4 g5 30. Qg3 Qxg3 31. hxg3 1/2-1/2

[Event "Pinneberg-ch"]
[Site "Pinneberg"]
[Date "2009.09.18"]
[Round "4"]
[White "Wegemund, Hubert"]
[Black "Vinck, Arne"]
[Result "0-1"]
[WhiteElo "1900"]
[BlackElo "1670"]
[PlyCount "52"]
[EventDate "2009.08.27"]
[EventType "swiss"]
[EventRounds "7"]
[EventCountry "GER"]
[SourceTitle "EXT 2012"]
[Source "ChessBase"]
[SourceDate "2011.11.24"]
[SourceVersion "1"]
[SourceVersionDate "2011.11.24"]
[SourceQuality "1"]

1. c4 e6 2. d4 f5 3. Nc3 Nf6 4. Nf3 Bb4 5. Qc2 Ne4 6. Bf4 0-0 7. g4 fxg4 8. Qxe4 d5 9. Qe3 gxf3 10. Rg1 Nc6 11. 0-0-0 Bxc3 12. bxc3 Qe7 13. exf3 Qa3+ 14. Kb1 e5 15. Bxe5 Bf5+ 16. Ka1 Nxe5 17. dxe5 c6 18. e6 Rae8 19. Qe5 Re7 20. cxd5 cxd5 21. Re1 Bxe6 22. Qd4 Rc8 23. Bd3 Qxc3+ 24. Qxc3 Rxc3 25. Bf5 Rc6 26. Rg5 d4 0-1

[Event "Pinneberg-ch"]
[Site "Pinneberg"]
[Date "2009.09.10"]
[Round "3"]
[White "Luettig, Hendrik"]
[Black "Wegemund, Hubert"]
[Result "0-1"]
[WhiteElo "1518"]
[BlackElo "1900"]
[PlyCount "80"]
[EventDate "2009.08.27"]
[EventType "swiss"]
[EventRounds "7"]
[EventCountry "GER"]
[SourceTitle "EXT 2012"]
[Source "ChessBase"]
[SourceDate "2011.11.24"]
[SourceVersion "1"]
[SourceVersionDate "2011.11.24"]
[SourceQuality "1"]

1. e4 d6 2. d4 Nf6 3. Nc3 g6 4. h3 Bg7 5. Nf3 0-0 6. Bc4 Nxe4 7. Bxf7+ Rxf7 8. Nxe4 h6 9. 0-0 Qf8 10. Nh2 Nc6 11. c3 e5 12. Be3 exd4 13. cxd4 Bf5 14. Nc3 Re8 15. Ne2 Nd8 16. Qd2 c6 17. Ng3 d5 18. Nxf5 gxf5 19. f3 Ne6 20. f4 c5 21. Nf3 c4 22. Ne5 Rc7 23. Rac1 b5 24. a3 Rb8 25. Rf3 b4 26. axb4 Rxb4 27. Rc2 Qb8 28. Qf2 Qb6 29. Qd2 Rb7 30. Rf2 Rb3 31. Kh2 Bf8 32. Rc3 Rxb2 33. Qxb2 Qxb2 34. Rxb2 Rxb2 35. Nc6 a5 36. Rc1 a4 37. Ra1 a3 38. Bc1 Rb3 39. Ra2 Bd6 40. g3 c3 0-1

[Event "Harburg-chC 7th"]
[Site "Hamburg"]
[Date "2009.07.04"]
[Round "2"]
[White "Wegemund, Hubert"]
[Black "Mueller, Tobias"]
[Result "0-1"]
[WhiteElo "1971"]
[BlackElo "1863"]
[PlyCount "68"]
[EventDate "2009.07.03"]
[EventType "tourn"]
[EventRounds "5"]
[EventCountry "GER"]
[SourceTitle "EXT 2010"]
[Source "ChessBase"]
[SourceDate "2010.11.25"]
[SourceVersion "1"]
[SourceVersionDate "2010.11.25"]
[SourceQuality "1"]

1. c4 e5 2. g3 g6 3. Bg2 Bg7 4. Nc3 d6 5. d3 f5 6. e4 Ne7 7. Nge2 c5 8. 0-0 0-0 9. a3 Nbc6 10. Rb1 a5 11. Na2 h6 12. b4 axb4 13. Qc2 Qa5 14. Rb3 Qa4 15. Qb1 Be6 16. exf5 gxf5 17. Nec3 bxc3 18. Nxc3 Qa5 19. Bd2 Qd8 20. Qc1 Kh7 21. Rxb7 Na5 22. Rb5 Rb8 23. Qc2 Nac6 24. Be3 f4 25. Be4+ Kh8 26. Rxb8 Qxb8 27. Bc1 Nd4 28. Qd1 Qb3 29. Qh5 Qxc3 30. gxf4 exf4 31. Bxf4 Rxf4 32. Qe8+ Rf8 33. Qxe7 Ne2+ 34. Kh1 Qe5 0-1

[Event "Harburg-chC 5th"]
[Site "Hamburg"]
[Date "2007.07.07"]
[Round "2"]
[White "Wegemund, Hubert"]
[Black "Schoettker, Jochen"]
[Result "1-0"]
[WhiteElo "1891"]
[BlackElo "1939"]
[PlyCount "23"]
[EventDate "2007.07.06"]
[EventType "tourn"]
[EventRounds "5"]
[EventCountry "GER"]
[SourceTitle "EXT 2008"]
[Source "ChessBase"]
[SourceDate "2007.11.25"]
[SourceVersion "1"]
[SourceVersionDate "2007.11.25"]
[SourceQuality "1"]

1. e4 e6 2. d4 d5 3. Nd2 dxe4 4. Nxe4 Bd7 5. Nf3 Bc6 6. Neg5 Be7 7. Bd3 Nf6 8. Ne5 0-0 9. f3 h6 10. h4 Nbd7 11. Qe2 Nh5 12. Bh7+ 1-0

[Event "Bad Woerishofen op 19th"]
[Site "Bad Woerishofen"]
[Date "2003.03.19"]
[Round "7"]
[White "Wegemund, Hubert"]
[Black "Schellmann, Frank"]
[Result "0-1"]
[WhiteElo "1790"]
[BlackElo "2115"]
[PlyCount "108"]
[EventDate "2003.03.13"]
[EventType "swiss"]
[EventRounds "9"]
[EventCountry "GER"]
[SourceTitle "CBM 093 Extra"]
[Source "ChessBase"]
[SourceDate "2003.05.09"]
[SourceVersion "1"]
[SourceVersionDate "2003.05.09"]
[SourceQuality "1"]

1. e4 e5 2. Nf3 Nf6 3. Nxe5 d6 4. Nf3 Nxe4 5. d4 d5 6. Bd3 Nc6 7. 0-0 Bg4 8. Re1 Be7 9. c4 Nf6 10. Bf4 Nxd4 11. cxd5 Nxd5 12. Qa4+ Nc6 13. Ne5 Nxf4 14. Nxc6 bxc6 15. Qxf4 Be6 16. Be4 0-0 17. Nc3 Bd6 18. Qc1 Bd7 19. Qc2 f5 20. Bf3 Qh4 21. g3 Qh3 22. Bg2 Qh5 23. Ne2 Rab8 24. Rad1 Rf7 25. Rd2 f4 26. gxf4 Rf6 27. Ng3 Qh4 28. f5 Rbf8 29. Qe4 Qh6 30. Qc4+ Kh8 31. Rd4 Bxf5 32. Rh4 Qd2 33. Qe2 Qxe2 34. Rxe2 Bd7 35. Ra4 g6 36. Rxa7 Bg4 37. Re4 h5 38. h3 Bf3 39. Bxf3 Rxf3 40. Re2 Rxg3+ 41. fxg3 Bc5+ 42. Kg2 Bxa7 43. Rc2 Rf6 44. b4 Kg7 45. h4 Kf7 46. a4 Ke7 47. b5 Kd7 48. g4 cxb5 49. axb5 hxg4 50. Kg3 Rf5 51. Rc6 Bf2+ 52. Kxg4 Rxb5 53. Rxg6 Rb4+ 54. Kf3 Bxh4 0-1

[Event "Bad Woerishofen op 19th"]
[Site "Bad Woerishofen"]
[Date "2003.03.18"]
[Round "6"]
[White "Dintheer, Willi"]
[Black "Wegemund, Hubert"]
[Result "1/2-1/2"]
[WhiteElo "2098"]
[BlackElo "1790"]
[PlyCount "104"]
[EventDate "2003.03.13"]
[EventType "swiss"]
[EventRounds "9"]
[EventCountry "GER"]
[SourceTitle "CBM 093 Extra"]
[Source "ChessBase"]
[SourceDate "2003.05.09"]
[SourceVersion "1"]
[SourceVersionDate "2003.05.09"]
[SourceQuality "1"]

1. d4 g6 2. e4 Bg7 3. Nc3 d6 4. Nf3 Nf6 5. Be2 0-0 6. Bg5 h6 7. Bh4 Nbd7 8. Qd2 c6 9. h3 b5 10. e5 Ne8 11. 0-0 dxe5 12. dxe5 Nc7 13. Rad1 Qe8 14. Rfe1 Nb6 15. Ne4 Be6 16. Nf6+ exf6 17. exf6 Rd8 18. fxg7 Rxd2 19. gxf8Q+ Qxf8 20. Rxd2 Nbd5 21. Red1 Qc5 22. Bg3 Na8 23. b3 b4 24. Be5 Nab6 25. a4 f6 26. Bd4 Qa5 27. Re1 Kf7 28. Bf1 Nf4 29. Kh2 Qh5 30. Rxe6 Kxe6 31. g4 Qd5 32. Kg3 Qe4 33. Bc5 Nbd5 34. Bxa7 Kf7 35. Bb8 h5 36. Nh4 Qe1 37. Bxf4 Nxf4 38. Bc4+ Ke7 39. Nxg6+ Ke8 40. Rd6 h4+ 41. Kf3 Qh1+ 42. Kxf4 Qh2+ 43. Kf3 Qxd6 44. Bd3 Qh2 45. Nf4 Qh1+ 46. Ke2 Qh2 47. Ke3 Qh1 48. a5 Qe1+ 49. Ne2 Qh1 50. a6 Kd7 51. Nf4 Qe1+ 52. Ne2 Qh1 1/2-1/2

[Event "Bad Woerishofen op 19th"]
[Site "Bad Woerishofen"]
[Date "2003.03.17"]
[Round "5"]
[White "Hoennekes, Klaus"]
[Black "Wegemund, Hubert"]
[Result "1-0"]
[WhiteElo "2089"]
[BlackElo "1790"]
[PlyCount "85"]
[EventDate "2003.03.13"]
[EventType "swiss"]
[EventRounds "9"]
[EventCountry "GER"]
[SourceTitle "CBM 093 Extra"]
[Source "ChessBase"]
[SourceDate "2003.05.09"]
[SourceVersion "1"]
[SourceVersionDate "2003.05.09"]
[SourceQuality "1"]

1. e4 c5 2. Nc3 Nc6 3. g3 g6 4. d3 Bg7 5. Bg2 d6 6. f4 e6 7. Nf3 Nge7 8. 0-0 0-0 9. Be3 Nd4 10. Qd2 d5 11. Nd1 Nxf3+ 12. Bxf3 d4 13. Bf2 e5 14. fxe5 Nc6 15. Bg2 Qe7 16. c3 Bxe5 17. cxd4 cxd4 18. Rc1 Be6 19. b3 Rfc8 20. Be1 a5 21. Nb2 b5 22. a4 Nb4 23. axb5 Rxc1 24. Qxc1 Bxb3 25. Qd2 Qc5 26. Nc4 Bxc4 27. dxc4 Qxc4 28. b6 Qb5 29. Qg5 Nc6 30. Bh3 Qxb6 31. Bd7 Bg7 32. Qd5 a4 33. Bxc6 Rd8 34. Qb5 Qxb5 35. Bxb5 a3 36. Bc4 Rc8 37. Bxf7+ Kh8 38. Bb4 Ra8 39. Ra1 Ra4 40. Bc5 Ra5 41. Bd6 Ra6 42. e5 Ra7 43. Rxa3 1-0

[Event "Bad Woerishofen op 19th"]
[Site "Bad Woerishofen"]
[Date "2003.03.16"]
[Round "4"]
[White "Wegemund, Hubert"]
[Black "Schiffer, Steve"]
[Result "0-1"]
[WhiteElo "1790"]
[BlackElo "2171"]
[PlyCount "90"]
[EventDate "2003.03.13"]
[EventType "swiss"]
[EventRounds "9"]
[EventCountry "GER"]
[SourceTitle "CBM 093 Extra"]
[Source "ChessBase"]
[SourceDate "2003.05.09"]
[SourceVersion "1"]
[SourceVersionDate "2003.05.09"]
[SourceQuality "1"]

1. d4 c5 2. e4 cxd4 3. Nf3 d6 4. Nxd4 Nf6 5. Nc3 a6 6. Be3 e6 7. f4 Be7 8. Qf3 Qc7 9. Bd3 Nc6 10. 0-0 Nb4 11. Qg3 e5 12. fxe5 dxe5 13. Kh1 Qd6 14. Nf5 Bxf5 15. Rxf5 g6 16. Rff1 Qe6 17. Na4 Rc8 18. Nb6 Rc6 19. Nc4 Nd7 20. a3 Nxd3 21. cxd3 0-0 22. Rac1 b5 23. Na5 Rcc8 24. d4 exd4 25. Bxd4 Rxc1 26. Rxc1 Qxe4 27. Qc3 Bd6 28. Re1 Qh4 29. g3 Bxg3 30. Re2 Bf4 31. Nc6 Bg5 32. Qf3 Rc8 33. Re4 Qh6 34. Re7 Bxe7 35. Nxe7+ Kf8 36. Nxc8 Qc1+ 37. Kg2 Qxc8 38. Qd5 Qc2+ 39. Kg3 Ke7 40. Bc3 Qf5 41. Qb7 Qd3+ 42. Kh4 f6 43. Qxa6 Kf7 44. Qa8 g5+ 45. Kg4 h5+ 0-1